000 00933nam a22002777a 4500
001 3028
003 FISKH
005 20240131121252.0
008 240131b cb ||||| |||| 00| 0 eng d
020 _a9780545470148
040 _aFISKH
_beng
_cFISKH
_dFISKH
050 _aPZ7.W15875
082 _a813.54
100 _aWallace, Nancy Elizabeth
245 _aPond walk
_cWritten and illustrated by Wallace, Nancy Elizabeth
250 _aFirst Scholastic printing, April 2012
260 _aNew York :
_bScholastic ,
_c2011
300 _a37 unnumbered pages:
_bcolor illustrations ;
_c21 cm .
505 _aJ
520 _aOne summer day, Buddy and his mother take a walk around a pond and observe the animals and insects that live there.
521 8 _a500
_bLexile
521 8 _aJ
_bRaz-Plus
600 _2pond animals
_vpictures book
700 _aWallace, Nancy Elizabeth
_eillustrator
942 _2ddc
_cBK
_n0
999 _c3028
_d3028